Xây dựng hệ thống bài tập nhận biết, tách, tinh chế các hợp chất vô cơ để phát triển tư duy cho học sinh
Cơ sở lý luận. Phát tư duy của học sinh qua hệ thống bài tập nhận biết, tách, tinh chế các hợp chất vô cơ.Hệ thống bài tập nhận biết, tách, tinh chế các hợp chất vô cơ trong chương trình phổ thông
محفوظ في:
| المؤلف الرئيسي: | |
|---|---|
| مؤلفون آخرون: | |
| التنسيق: | كتاب |
| اللغة: | Vietnamese |
| منشور في: |
Đại học Đà Nẵng
Trường đại học Sư Phạm
2011
|
| سلاسل: | Khóa luận tốt nghiệp đại học. Chuyên ngành: Sư phạm hóa
|
| الموضوعات: | |
| الوسوم: |
إضافة وسم
لا توجد وسوم, كن أول من يضع وسما على هذه التسجيلة!
|
| Thư viện lưu trữ: | Mạng thư viện Đại học Đà Nẵng |
|---|
| LEADER | 01618nam a2200349 4500 | ||
|---|---|---|---|
| 001 | 000012520 | ||
| 003 | 8823 | ||
| 005 | 20120221140208.0 | ||
| 008 | 120221s2011 viesd | ||
| 041 | |a vie | ||
| 072 | |a Khóa luận tốt nghiệp | ||
| 082 | |a 546.076 |b NG-H | ||
| 100 | |a Nguyễn, Thị Hằng | ||
| 245 | |a Xây dựng hệ thống bài tập nhận biết, tách, tinh chế các hợp chất vô cơ để phát triển tư duy cho học sinh |c Nguyễn, Thị Hằng | ||
| 260 | |a Đại học Đà Nẵng |b Trường đại học Sư Phạm |c 2011 | ||
| 300 | |a 77 tr. |c 29 cm | ||
| 490 | |a Khóa luận tốt nghiệp đại học. Chuyên ngành: Sư phạm hóa | ||
| 500 | |a Tham khảo tr.77 | ||
| 520 | |a Cơ sở lý luận. Phát tư duy của học sinh qua hệ thống bài tập nhận biết, tách, tinh chế các hợp chất vô cơ.Hệ thống bài tập nhận biết, tách, tinh chế các hợp chất vô cơ trong chương trình phổ thông | ||
| 653 | |a Khóa luận tốt nghiệp đại học | ||
| 653 | |a Khoa Hóa học | ||
| 700 | |a Nguyễn, Thị Lan Anh |c Th.S |e Hướng dẫn | ||
| OWN | |a LSP | ||
| AVA | |a UDN50 |b LSP |d 546.076 NG-H |e available |t Error 5001 Not defined in file expand_doc_bib_avail. |f 1 |g 0 |h N |i 0 |k 1 | ||
| 999 | |a From the UDN01 | ||
| AVA | |a UDN50 |b LSP |d 546.076 NG-H |e available |t Error 5001 Not defined in file expand_doc_bib_avail. |f 1 |g 0 |h N |i 0 |k 1 | ||
| TYP | |a Monograph | ||
| TYP | |a Printed language | ||
| 980 | |a Mạng thư viện Đại học Đà Nẵng | ||